|
|
|
|
| LEADER |
02049nam a2200337 a 4500 |
| 001 |
14269995 |
| 008 |
091019r20072006njua b 001 0 eng d |
| 010 |
|
|
|a 2006272508
|
| 020 |
|
|
|a 9788120330207
|
| 020 |
|
|
|a 013149726X
|
| 040 |
|
|
|a DLC
|c DLC
|
| 082 |
0 |
0 |
|a 621.38152
|2 22
|
| 100 |
1 |
|
|a Streetman, Ben G.
|
| 245 |
1 |
0 |
|a Solid state electronic devices /
|c Ben G. Streetman and Sanjay Kumar Banerjee.
|
| 250 |
|
|
|a 6th ed.
|
| 260 |
|
|
|a Upper Saddle River, N.J.:
|a New Delhi :
|b Pearson/Prentice Hall of India,
|c c2006.[reprinted 2007]
|
| 300 |
|
|
|a xviii, 581 p. :
|b ill. ;
|c 25 cm.
|
| 490 |
0 |
|
|a Prentice Hall series in solid state physical electronics
|
| 504 |
|
|
|a Includes bibliographical references and index.
|
| 541 |
1 |
|
|e 00019430
|
| 650 |
|
0 |
|a Semiconductors.
|
| 700 |
1 |
|
|a Banerjee, Sanjay.
|
| 852 |
4 |
|
|a Ayesha Abed Library
|j General Shelf.
|
| 942 |
0 |
0 |
|0 3
|
| 999 |
|
|
|c 4706
|d 4706
|
| 952 |
|
|
|0 0
|1 0
|2 ddc
|4 0
|6 621_381520000000000_STR_2007
|7 0
|9 4496
|a BRACUL
|b BRACUL
|c GEN
|d 2009-10-17
|g 454.00
|l 37
|m 339
|o 621.38152 STR
|p 3010019430
|r 2026-01-31
|s 2026-01-13
|t 1
|v 908.00
|w 2009-10-19
|y BK
|
| 952 |
|
|
|0 0
|1 4
|2 ddc
|4 0
|6 621_381520000000000_STR
|7 0
|9 4498
|a BRACUL
|b BRACUL
|c GEN
|d 2009-10-19
|g 454.00
|l 0
|o 621.38152 STR
|p 3010019431
|r 2009-10-19
|t 2
|v 908.00
|w 2009-10-19
|y BK
|x Koha Inventory 2020
|
| 952 |
|
|
|0 0
|1 0
|2 ddc
|4 0
|6 621_381520000000000_STR_2007
|7 0
|9 4500
|a BRACUL
|b BRACUL
|c GEN
|d 2009-10-17
|e Paragon
|g 454.00
|l 17
|m 170
|o 621.38152 STR
|p 3010019433
|q 2026-06-02
|r 2026-02-17
|s 2026-02-17
|t 3
|v 908.00
|w 2009-10-19
|y BK
|
| 952 |
|
|
|0 0
|1 0
|2 ddc
|4 0
|6 621_381520000000000_STR_2007
|7 0
|9 4502
|a BRACUL
|b BRACUL
|c GEN
|d 2009-10-17
|e Paragon
|g 454.00
|l 33
|m 300
|o 621.38152 STR
|p 3010019432
|r 2025-04-27
|s 2025-02-05
|t 4
|v 908.00
|w 2009-10-19
|y BK
|
| 952 |
|
|
|0 0
|1 4
|2 ddc
|4 0
|6 621_381520000000000_STR
|7 0
|9 8111
|a BRACUL
|b BRACUL
|c GEN
|d 2010-02-15
|l 0
|o 621.38152 STR
|p 3010019770
|r 2010-02-15
|t 5
|w 2010-02-15
|y BK
|x Koha Inventory 2020
|
| 952 |
|
|
|0 0
|1 0
|2 ddc
|4 0
|6 621_381520000000000_STR_2006
|7 0
|9 8997
|a BRACUL
|b BRACUL
|c GEN
|d 2010-04-06
|l 24
|m 215
|o 621.38152 STR
|p 3010015428
|r 2025-02-20
|s 2025-02-20
|t 6
|w 2010-04-06
|y BK
|